000 00731nam a2200217 a 4500
001 21590
003 CO-ViMGA
008 141112s2004 ck r 000 u spa d
020 _a9580476128
040 _aCO-ViMGA
_bspa
_cCO-ViMGA
082 0 4 _a177.7 R476d
100 1 _aRiso, Walter
245 1 0 _aDeshojando margaritas :
_bAcerca del amor convencional y otras malas costumbres
260 _aBogotá :
_bNorma,
_c2003
300 _a265
590 _aForma de adquisición : Donación fact. 8852 - - Precio : 35500 - - Proveedor : Fundación exito - - Fecha de adquisición : Junio 2007
650 1 4 _aAMOR
650 1 4 _aENAMORAMIENTO
_927948
650 1 4 _aRELACIONES DE PAREJA - ASPECTOS PSICOLOGICOS
_927949
942 _2ddc
_cBK
999 _c30166
_d30166